Flaggen mit der Farbe rot - Statistiken

Allgemein
  • Dieses Quiz wurde 154 mal gespielt
  • Das Durchschnittsergebnis liegt bei 7 aus 14
Answers on the Grid
Answers color-coded by a green-red scale on the quiz's grid according to % correct below.
Uruguay
Deutschland
Polen
St. Lucia
China
Australien
Kroatien
Pakistan
Argentinien
Somalia
Island
Schottland
Antarktis
Taiwan
Jamaika
Macau
Saudi Arabien
Peru
Katar
Spanien
Aruba
Estland
Sudan
Niger
Georgien
Irland
Ukraine
Zypern
Uganda
Nordkorea
 
Antwortstatistiken
Antwort % Korrekt
China
66%
Deutschland
63%
Polen
62%
Spanien
60%
Nordkorea
59%
Peru
59%
Australien
54%
Kroatien
54%
Georgien
52%
Island
48%
Taiwan
41%
Uganda
24%
Sudan
21%
Aruba
10%
Keine übereinstimmenden Quizze gefunden
Verteilung der Resultate
Anzahl Personen mit jedem Resultat
Perzentil nach korrekt beantworteten Fragen
Ihre Resultats-Entwicklung
Sie haben dieses Quiz noch nicht gespielt